| 000 | 00587nam a2200181Ia 4500 | ||
|---|---|---|---|
| 003 | GCL | ||
| 008 | 140319s9999 xx 000 0 ara d | ||
| 040 |
_aGCL / _cGCL |
||
| 082 | 0 | 4 |
_a940.21 _bن ا |
| 100 | 1 | _aنايف سعادة | |
| 245 | 1 | 0 |
_aانها تدور حكاية النهضة الاوربية (هدية من الاديب عبدالفتاح الجمل) / _cنايف سعادة |
| 700 | 1 | _aمعين حمزة | |
| 300 | _a100 ص | ||
| 490 |
_aالعلوم والانسان _v0 |
||
| 650 | 0 | 4 | _aالصناعة |
| 650 | 0 | 4 | _aعصر النهضة (1300 - 1494) |
| 942 |
_2ddc _cBK |
||
| 999 |
_c38352 _d38352 |
||